[Event "Bijnor op"]
[Site "Bijnor"]
[Date "2023.12.02"]
[Round "6"]
[White "Sparsh, Yadav"]
[Black "Gaurav, Bharadwaj"]
[Result "1-0"]
[WhiteElo "1598"]
[BlackElo "1301"]
[PlyCount "51"]
[EventDate "2023.11.30"]
[EventType "swiss"]
[EventRounds "7"]
[EventCountry "IND"]
[SourceTitle "CBM 217 Extra"]
[Source "ChessBase"]
[SourceDate "2024.01.31"]
[SourceVersion "1"]
[SourceVersionDate "2024.01.31"]
[SourceQuality "1"]

1. e4 e5 2. Nf3 d5 3. exd5 e4 4. Qe2 Nf6 5. d3 Qxd5 6. Nc3 Bb4 7. Bd2 Bxc3 8. Bxc3 0-0 9. Ne5 exd3 10. Qxd3 Re8 11. f4 Bg4 12. Qxd5 Nxd5 13. Bc4 Be6 14. f5 Nxc3 15. fxe6 fxe6 16. bxc3 a5 17. Rb1 Ra7 18. Rf1 Re7 19. Rd1 Re8 20. a4 Na6 21. Rf7 Nb8 22. Rf1 Na6 23. Rb1 Nb8 24. Nc6 Re7 25. Rd1 Ra8 26. Rb1 1-0